Statystyki dla Rozpoznaj klub piłkarski dla Kolegi Ignacego

Kliknij tutaj aby rozwiązać quiz!

Ogólne statystyki

  • Ten quiz został rozwiązany 612 razy
  • Średni wynik to 12 z 15

Statystyki odpowiedzi

OpisKlub% Poprawnych
Włoski klub sportowy dla którego bramki strzela Krzysztof PiątekAc Milan
96%
Klub Bundesligi który od 2013 nieprzerwanie ją wygrywaBayern Monachium
96%
Niemiecki klub sportowy z siedzibą w Dortmundzie. Swoje mecze rozgrywa na Signal Iduna ParkBorussia Dortmund
96%
Włoski gigant który w 2006 roku został zdegradowany do niższej ligi. Za udział w tzw. Aferze CalciopoliJuventus
96%
Włoski klub sportowy w którym na co dzień mecze rozgrywa Arkadiusz Milik oraz Piotr ZielińskiNapoli
96%
Tegoroczny zdobywca Ligi MistrzówLiverpool
94%
Klub który wygrał Ligę Angielską aż 20 razyManchester United
94%
Klub do którego przeszedł najdroższy piłkarz w historii piłki nożnejParis Saint Germain
94%
Klub który w 2003 roku został wykupiony przez Rosyjskiego oligarchę Romana AbramowiczaChelsea
92%
Obecny klub Kamila GlikaAs Monaco
90%
Tegoroczny zwycięzca EkstraklasyPiast Gliwice
87%
Klub ze stolicy Niemiec. W tym sezonie wywalczył awans do najwyższej klasy rozgrywkowejUnion Berlin
77%
Jako jedyny klub grał w Bundeslidze od jej założenia w 1963 roku do pierwszego w historii klubu spadku w 2018 rokuHamburger SV
50%
Niemiecki klub występujący w Bundeslidze gdzie w tym sezonie mecze rozgrywał najstarszy piłkarz tej ligiWerder Brema
43%
Właścicielem klubu jest rosyjski gigant gazowy GazpromZenit Petersburg
36%

Rozkład punktacji

Percentyl według liczby udzielonych odpowiedzi

Procent ludzi z każdym wynikiem

Twoja historia wyników

Nie rozwiązałeś tego quizu